000 01002nam a2200313Ia 4500
001 Para_7573
003 CHAP
008 220125s1905 xx 000 0 und d
010 _a206487
040 _cCHAP
082 _aPA-C 632.7 B85
100 _aHunter, J.S.
_9172779
245 _aStudies in grasshopper control /
_c by J.S. Hunter
260 _aSacramento :
_b University of alifornia. College of Agriculture. Agricultural Experiment Station
300 _a23 p.
440 _aCalifornia Agr. Exp. Sta. Bulletin; 170
_9172780
500 _aEncuadernado con otros impresos similares
650 _aAgricultura
_x California
_xcolecciones de escritos
_9172776
650 _aAgricultura
_x California
_xplagas
_9172777
650 _aChapulines
_921941
650 _aControl de plagas
_927595
901 _aPA-C 632.7 B85
902 _aA
905 _a0000001905 a 0000000000 00
910 _a1905
942 _cPARA
942 _cPARA
_d1
999 _c206487
_d206487